00709nam a2200169 a 450000100100000000500170001000800410002704000250006808200130009310000310010624500330013726000400017030000200021050001800023095201120041099900170052200003219820200930063520.0110713s1923 dr 000 0 spa d aDO-SdBNPbspacBNPHU aXXXbXXX1 aRafael V. Montalvo.95827510aNuhry /cMontalvo, Rafael v. a[Barahona] :bImp. Moltalvo,c1923. a15 p. ;c12 cm. aCuento escrito para la velada escolar celebrada en la ciudad de Barahona el 27 de febrero del 1916 en comemoración del LXXVI aniversario de nuestra enmacipación política 00107-18PDaPDbPDcOId2011-07-13iLF1l0oXXX XXXp32198-10r2020-06-25w2020-06-25yLFPDZNo se presta c31689d31689